000 00435nam a2200169 a 4500
005 20140310183209.0
008 030207s19uu xx 00 eng d
020 _a0380007819
050 _aPZ 7
_b.P338 1973
100 _aPeck, Richard
245 _aDon't look and it won't hurt /
_cRichard Peck.
260 _aNew York :
_bAvon,
_c1972.
300 _a158 p. :
_c17 cm.
650 _aFiction.
942 _cBK
_2lcc
999 _c20072
_d20072